000
00262nam a2200109Ia 4500
008
220216s9999 xx 000 0 und d
100
_a
Mohankumar S.
245
0
_a
Big opportunity for rubber sheetings
260
_b
Rubber
_c
1995
300
_a
13-Dec
942
_c
ML
999
_c
72982
_d
72982